000 00915cam a2200277 i 4500
001 bg
003 BPK
005 20220620122618.0
008 980313s2000 pl a f f |001 0 pol
015 _aPB 1998/2531
020 _a8301122706
040 _aWA N
_cBPK
080 _a339.923:061.1(4-67)
080 _a(075.8)
245 0 0 _aUnia Europejska :
_bpodręcznik akademicki /
_cLucjan Ciamaga [et al.].
250 _a[Wyd. 1, dodr. 5].
260 _aWarszawa :
_bWydaw. Naukowe PWN,
_c2000.
300 _a486, [2] s. :
_b1 wykr. ;
_c24 cm.
504 _aBibliogr. s. 472-479. - Indeks.
655 4 _aPodręczniki akademickie
610 2 4 _aUnia Europejska
710 2 _aWydawnictwo Naukowe PWN
_4pbl.
700 1 _aCiamaga, Lucjan
_d(1929-2022)
_eAutor
856 4 1 _uhttp://koha.tu.koszalin.pl/cgi-bin/koha/opac-detail.pl?biblionumber=40747
_yKatalog online BPK
942 _2UKD
_cKS
999 _c40747
_d40747